000 00458pab a2200169 454500
008 180718b2014 xxu||||| |||| 00| 0 eng d
100 _aSwaminathan, Madhura
245 _aDalit workers in rural India: Evidence from village studies
260 _c2014
300 _ap.53-65.
362 _aJan-Mar
650 _aBackward classes - India
650 _aBackward classes
773 _aIndian Journal of Labour Economics
908 _aN
909 _a105942
999 _c105937
_d105937